[Event "SWE-chT 0405"]
[Site "Sweden"]
[Date "2005.??.??"]
[Round "11"]
[White "Mohammadi, Amir"]
[Black "Eriksson, Johan"]
[Result "0-1"]
[WhiteElo "2244"]
[BlackElo "2444"]
[PlyCount "154"]
[EventDate "2004.11.05"]
[EventType "team"]
[EventRounds "11"]
[EventCountry "SWE"]
[SourceTitle "EXT 2006"]
[Source "ChessBase"]
[SourceDate "2005.11.24"]
[SourceVersion "1"]
[SourceVersionDate "2005.11.24"]
[SourceQuality "1"]
[WhiteTeam "Skara"]
[BlackTeam "Sollentuna"]
[WhiteTeamCountry "SWE"]
[BlackTeamCountry "SWE"]

1. e4 c5 2. Nc3 Nc6 3. g3 g6 4. Bg2 Bg7 5. d3 d6 6. f4 e6 7. Nf3 Nge7 8. 0-0 0-0 9. Be3 Nd4 10. Qd2 Bd7 11. Rae1 Bc6 12. Qf2 e5 13. Qd2 Qd7 14. fxe5 dxe5 15. Bh6 f6 16. Bxg7 Kxg7 17. Rf2 Rad8 18. Qc1 b5 19. b3 a6 20. Nd1 Bb7 21. Ne3 Bc8 22. Nh4 Qd6 23. Kh1 Be6 24. Ref1 Rc8 25. c4 b4 26. Nd5 Nxd5 27. exd5 Bd7 28. Nf3 Rce8 29. Re1 Bg4 30. Nxd4 exd4 31. Bf3 Bf5 32. Be4 Bd7 33. Bf3 Re5 34. Rxe5 fxe5 35. Qf1 Qf6 36. Kg1 Qg5 37. Qe1 Qe3 38. Qxe3 dxe3 39. Rf1 Bh3 40. Bg2 Rxf1+ 41. Bxf1 Bg4 42. Bg2 Be2 43. Be4 Kf6 44. Kg2 a5 45. Kg1 Ke7 46. Kg2 Kf6 47. Kg1 h6 48. Kg2 g5 49. Kg1 Ke7 50. Kg2 Kd6 51. Kg1 Bd1 52. Kf1 Bc2 53. Ke2 Bb1 54. Kxe3 Bxa2 55. Kd2 Bxb3 56. Kc1 a4 57. Kb2 Bd1 58. Bf5 Be2 59. Be4 Bg4 60. Ka2 Bd7 61. Kb2 Kc7 62. Ka2 Kb6 63. Kb2 Ka5 64. Ka2 Bg4 65. Bg6 Bd7 66. Be4 a3 67. Kb3 h5 68. Bg6 h4 69. Be4 hxg3 70. hxg3 Bg4 71. Bg6 Kb6 72. Be4 Kc7 73. Bg6 Kd6 74. Be4 Bd1+ 75. Ka2 Bg4 76. Kb3 Bd1+ 77. Ka2 Bc2 0-1